The children's encyclopedia of ocean's / (Record no. 1136)

MARC details
000 -LEADER
fixed length control field 01496cam a22003497a 4500
005 - DATE AND TIME OF LATEST TRANSACTION
control field 20240607121508.0
020 ## - INTERNATIONAL STANDARD BOOK NUMBER
International Standard Book Number 9781445407418
020 ## - INTERNATIONAL STANDARD BOOK NUMBER
International Standard Book Number 1435143515
040 ## - CATALOGING SOURCE
Original cataloging agency SRB
Transcribing agency SRB
Modifying agency DLC
Language of cataloging eng
050 00 - LIBRARY OF CONGRESS CALL NUMBER
Classification number QL122.2
Item number .M658
082 04 - DEWEY DECIMAL CLASSIFICATION NUMBER
Classification number 591.77
100 1# - MAIN ENTRY--PERSONAL NAME
Personal name Morgan, Sally,
Dates associated with a name 1957-
245 10 - TITLE STATEMENT
Title The children's encyclopedia of ocean's /
Statement of responsibility, etc. Sally Morgan.
Remainder of title Begin to discover the amazing underwater world.
250 ## - EDITION STATEMENT
Edition statement [Custom ed.]
260 ## - PUBLICATION, DISTRIBUTION, ETC.
Place of publication, distribution, etc. Bath :
Name of publisher, distributor, etc. Parragon,
Date of publication, distribution, etc. 2010.
300 ## - PHYSICAL DESCRIPTION
Extent 224 pages. :
Other physical details cololor illustrations ;
Dimensions 28 cm.
500 ## - GENERAL NOTE
General note Includes index.
505 0# - FORMATTED CONTENTS NOTE
Formatted contents note M
505 0# - FORMATTED CONTENTS NOTE
Formatted contents note The world's oceans -- Beaches and shores -- Coastal life -- Coral reefs -- Open oceans -- The deep ocean -- Polar waters -- Oceans in danger.
520 ## - SUMMARY, ETC.
Summary, etc. Seven percent of the world's oceans are covered in ice. The volume of water in the Pacific Ocean is the same size as the moon. Dive in and take an amazing voyage of discovery and exploration. Simple text and remarkable photography combine to explain the secrets of the sea in this awesome encyclopedia.
521 ## - TARGET AUDIENCE NOTE
Target audience note 810 <br/>
Source Lexile estimate
521 ## - TARGET AUDIENCE NOTE
Target audience note M <br/>
Source Raz-Plus
650 #0 - SUBJECT ADDED ENTRY--TOPICAL TERM
Topical term or geographic name entry element Marine animals
Form subdivision Encyclopedias, Juvenile.
650 #0 - SUBJECT ADDED ENTRY--TOPICAL TERM
Topical term or geographic name entry element Ocean
Form subdivision Encyclopedias, Juvenile.
650 #0 - SUBJECT ADDED ENTRY--TOPICAL TERM
Topical term or geographic name entry element Fishes
Form subdivision Encyclopedias, Juvenile.
650 #1 - SUBJECT ADDED ENTRY--TOPICAL TERM
Topical term or geographic name entry element Marine animals
Form subdivision Encyclopedias.
650 #1 - SUBJECT ADDED ENTRY--TOPICAL TERM
Topical term or geographic name entry element Ocean
Form subdivision Encyclopedias.
650 #1 - SUBJECT ADDED ENTRY--TOPICAL TERM
Topical term or geographic name entry element Fishes
Form subdivision Encyclopedias.
906 ## - LOCAL DATA ELEMENT F, LDF (RLIN)
a 7
b cbc
c copycat
d 2
e ncip
f 20
g y-gencatlg
942 ## - ADDED ENTRY ELEMENTS (KOHA)
Source of classification or shelving scheme Dewey Decimal Classification
Koha item type Books
Suppress in OPAC No
999 ## -
-- 1136
-- 1136
Holdings
Withdrawn status Lost status Source of classification or shelving scheme Damaged status Not for loan Collection Home library Current library Shelving location Date acquired Total Checkouts Full call number Barcode Date last seen Date last checked out Price effective from Koha item type
    Dewey Decimal Classification     Non-Fiction Footprints International School Library Network Toul Kork Campus Footprints International School Library Network Toul Kork Campus A TK Campus, 4th Floor, Room B401, Non-Fiction Bookcases(7-8) 08/03/2023 3 MOR 551.46 QL122.2.M658 2023-0167 06/11/2024 10/09/2023 08/03/2023 Books